000 00335nam a2200145Ia 4500
008 221030s9999 xx 000 0 und d
041 _aEnglish
082 _a105.23
100 _aM. Tyra
245 0 _aMagical Book on Quicker Maths
_cby M. Tyra
260 _bBSC Pub
_aDelhi
_c2005
300 _a807
650 _aGeneral
942 _cBK
999 _c4366
_d4366